Damp homes and human rights (Record no. 69457)

MARC details
000 -LEADER
fixed length control field 01201cam a2200253 4500
001 - CONTROL NUMBER
control field WB3805-20
008 - FIXED-LENGTH DATA ELEMENTS--GENERAL INFORMATION
fixed length control field 020207n2002 000 0 eng u
035 ## - SYSTEM CONTROL NUMBER
System control number (Sirsi) u116638
245 ## - TITLE STATEMENT
Title Damp homes and human rights
260 ## - PUBLICATION, DISTRIBUTION, ETC.
Date of publication, distribution, etc. 2002
490 ## - SERIES STATEMENT
Series statement Inside Housing
Volume/sequential designation 1 February 2002, 1(1)
520 ## - SUMMARY, ETC.
Summary, etc. In two recent judgments CA has confirmed that living in a damp flat, or being evicted for anti-social behaviour, does not infringe tenants' human rights. Judges dismissed appeals brought against Leeds and Sandwell councils, confirming that Human Rights Act 1998 does not compel councils to improve conditions in damp flats caused by a defect in design. For copies of "Sheffield CC v Emma Smart" and "Central Sunderland Housing Company Ltd v Janette Wilson'"see: http://www.courtservice.gov.uk/judgments/judg_home.htm
590 ## - LOCAL NOTE (RLIN)
Local note WB
650 ## - SUBJECT ADDED ENTRY--TOPICAL TERM
Topical term or geographic name entry element HUMAN RIGHTS ACT 1998
650 ## - SUBJECT ADDED ENTRY--TOPICAL TERM
Topical term or geographic name entry element SHEFFIELD CC V EMMA SMART
650 ## - SUBJECT ADDED ENTRY--TOPICAL TERM
Topical term or geographic name entry element CENTRAL SUNDERLAND HOUSING COMPANY LTD V JANETTE WILSON
650 ## - SUBJECT ADDED ENTRY--TOPICAL TERM
Topical term or geographic name entry element DAMPNESS
650 ## - SUBJECT ADDED ENTRY--TOPICAL TERM
Topical term or geographic name entry element ANTI-SOCIAL BEHAVIOUR
650 ## - SUBJECT ADDED ENTRY--TOPICAL TERM
Topical term or geographic name entry element DESIGN DEFECTS
650 ## - SUBJECT ADDED ENTRY--TOPICAL TERM
Topical term or geographic name entry element COUNCILS
650 ## - SUBJECT ADDED ENTRY--TOPICAL TERM
Topical term or geographic name entry element SOCIAL HOUSING
690 ## - LOCAL SUBJECT ADDED ENTRY--TOPICAL TERM (OCLC, RLIN)
Topical term or geographic name as entry element PROPERTY-LANDLORD AND TENANT
942 ## - ADDED ENTRY ELEMENTS (KOHA)
Suppress in OPAC 0
Holdings
Withdrawn status Lost status Source of classification or shelving scheme Damaged status Not for loan Home library Current library Shelving location Date acquired Total Checkouts Full call number Barcode Date last seen Copy number Price effective from Koha item type
    Dewey Decimal Classification     London London News article 07/02/2002   WB3805-20 116638-1001 06/08/2019 1 06/08/2019 News article